000 00450nam a2200169Ia 4500
008 240729s9999 xx 000 0 und d
022 _a1469-5073
245 0 _aGenetics Research
260 _aUnited Kingdom
260 _bHindawi - Cambridge University Press
650 _a Biology (General)
650 _a Genetics
650 _aScience
856 _uhttps://doaj.org/toc/1ca3dcc7c9904f65889e37d050dc7e01
942 _2ddc
942 _cDOAJEJ
999 _c70379
_d70379
945 _a1
_bMadushi Gamage
_c1
_dMadushi Gamage